000 00882cab a2200241 4500
001 ##L133921
008 060620n2006 000 0 eng u
035 _a(Sirsi) u133921
041 0 _aeng
100 1 _aEade, Christine
245 0 0 _aSouth-west
_bregional
260 _c2006
490 0 _aProperty Week
_v71(24) 16 June 2006, 73-84(6)
520 _aLooks at the approaching opening of Plymouth's Drake Circus shopping centre after years of problems; the transformation of Exeter's retail offering, with independent retailers queuing for space at the Princesshay centre; and regeneration initiatives in Weston-super-Mare.
590 _aIKA040706
651 4 _aSOUTH WEST ENGLAND
651 4 _aPLYMOUTH
651 4 _aEXETER
651 4 _aWESTON-SUPER-MARE
690 _aPROPERTY-COMMERCIAL PROPERTY-COMMERCIAL PROPERTY MARKET
700 1 _aWatts, Tony
942 _n0
999 _c77258
_d77258